000 00799nam a2200253Ia 4500
003 OSt
005 20240404143342.0
008 210210b2014 xxu||||| |||| 00| 0 eng d
020 _a9789383149100
040 _cAL
041 _aKannada
082 _a398.2K AMBK
100 _aAMBALIKE HIRIYANNA
_9142481
_dಅಂಬಳಿಕೆ ಹಿರಿಯಣ್ಣ
245 _aKarnataka samshodhana janapada
_bಕರ್ನಾಟಕ ಸಂಶೋಧನಾ ಜಾನಪದ
260 _aGotagodi
_bKarnataka Janapada Vishvavidyalaya
_c2014
300 _axxiv,1094
650 _asamshodhana
_9142482
650 _aKarnataka
_9142483
650 _ajanapada
_9142484
690 _aFolklore
_9142485
700 _aNAVADA (A V) Ed
_9142486
_dಎ. ವಿ. ನಾವಡ
906 _a069179
942 _2ddc
_cBK
999 _c153323
_d153323